Secretos para Hacer Teatro.

¿Por dónde empezar para montar una obra de teatro? Aquí se explica desde la formación del grupo, còmo escoger una obra, cómo montarla, dirigirla y representarla, hasta la escenografía y la iluminación. Además, se dan los ejercicios necesarios para empezar a actuar. Al final se incluye una obra corta...

Descripció completa

Guardat en:
Dades bibliogràfiques
Format: Llibre
Idioma:espanyol
Publicat: México : Arbol Editorial, 1982
Matèries:
Etiquetes: Afegir etiqueta
Sense etiquetes, Sigues el primer a etiquetar aquest registre!

MARC

LEADER 00000nam^a2200000^a^4500
001 000019921
005 20250521000000.0
009 20260310084318.472
020 |a 968-461-019-X 
037 |a Acervo ITESO - Biblioteca 
041 |a ESP 
082 |a 792. 02  |b SEC 
245 1 0 |a Secretos para Hacer Teatro. 
264 1 |a México :  |b Arbol Editorial,  |c 1982 
300 |a 101 p. 
336 |a texto  |b txt  |2 rdacontenido 
337 |a sin mediación  |b n  |2 rdamedio 
338 |a volumen  |b nc  |2 rdasoporte 
520 |a ¿Por dónde empezar para montar una obra de teatro? Aquí se explica desde la formación del grupo, còmo escoger una obra, cómo montarla, dirigirla y representarla, hasta la escenografía y la iluminación. Además, se dan los ejercicios necesarios para empezar a actuar. Al final se incluye una obra corta en donde aplicar todas las ideas. 
649 |a XX 
650 |a Teatro 
910 |a Fondo General 
920 |a Impresos - Libros 
930 |a Colección General 
905 |a 101 
901 |a 0199210100  |b IT1  |c ACC  |i 019921  |u 20250521 
902 |a https://opac.biblio.iteso.mx/vufind/Record/000019921